| 000 | 00835nam a22001337a 4500 | ||
|---|---|---|---|
| 040 | _cRUA | ||
| 082 | _aFOR MOE 2010 B139 Or.1 | ||
| 100 | _aMOEURN, KREN. | ||
| 245 | _aThe study on wild rattan resource assessment in prek thnot community protected area in prek thnot commune kampot district kampot province, សិក្សាពីការវាយតំលៃធនធានផ្ដៅធម្មជាតិនៅក្នុងសហគមន៍តំបន់ការពារធនធានធម្មជាតិព្រែកត្នោត ឃុំព្រែកត្នោត ស្រុកកំពត ខេត្តកំពត | ||
| 260 |
_aPhnom Penh _bRUA _c2010 |
||
| 300 |
_axi; 58p. _bill. _c29cm. |
||
| 856 | _uhttps://drive.google.com/file/d/1NUFouCLpvYXmll9o4XSjHtO7-xIVbkVj/view?usp=sharing | ||
| 942 | _cFOR | ||
| 999 |
_c3402 _d3402 |
||